Manual de mantenimiento y reparación de turbinas de vapor

Bibliographic Details
Main Author: Shaijutdinov, Victor
Format: Section = Libro
Language:Undetermined
Spanish
Published: La Habana De Libros para la Educación 1976
Subjects:
LEADER 00528nam a2200169Ia 4500
008 240829s9999 xx 000 0 und d
040 |a BIBLIOTECA-RUPAP Ref 621.165 S526 
041 |a spa 
082 |a Ref 621.165 S526 
100 1 |a Shaijutdinov, Victor  
245 1 0 |a Manual de mantenimiento y reparación de turbinas de vapor 
260 |a La Habana  |b De Libros para la Educación  |c 1976 
300 |a 127 p. :il. 
650 7 |a TURBINAS DE VAPOR. I. Rudenco, Leonid, coaut. II. Tít. 
942 |c BK  |2 ddc 
991 |a TEXTO 
999 |c 10319